000 01085nas a2200301 i 4500
001 2636
003 ES-MaACL
005 20250709062525.0
007 t|
008 950801d18741875sp ar 0 1 |spa d
080 _a460
245 0 0 _aAlmanaque de El Orden /
_cescrito por Castelar, Celleruelo, Gassó y Vidal (Señorita Doña Leopolda), Lago (D. José María) ... [ et al.].
260 _aMadrid :
_bpublicado por Antonio Sánchez Pérez,
_c[1874-] (
_fQuirós, Imp.)
300 _a1 v. ;
_c19 cm.
310 _aAnual
362 0 _a1875-
530 _aDisponible en formato digital.
700 1 _aCastelar, Emilio,
_d1832-1899
_936479
700 1 _aCelleruelo, José María (
_d1840-1911)
_9174812
700 1 _aGassó y Vidal, Leopolda.
_955928
700 1 _aLago, José María (
_d1816-1887)
_9174813
787 0 _tEl Orden (Madrid. 1874)
852 4 _aES-MaACL
_jFol-Laf-438
856 4 _uhttps://prensahistorica.mcu.es/es/consulta/registro.do?id=1029742
_zBiblioteca Virtual de Prensa Histórica
866 0 _o1875.
942 _2udc
_cPERIODICA
999 _c2636
_d2636